The discharge development in three-layer solid dielectrics; 17th Nordic Insulation Symosium (NORD-IS 01)

Dades bibliogràfiques
Parent link:17th Nordic Insulation Symosium (NORD-IS 01).— 2001.— P. 61-68
Altres autors: Lebedev S. M., Gefle O. S., Pokholkov Y. P. Yuri Petrovich, Chichikin V. I.
Sumari:В фонде НТБ ТПУ отсутствует
Idioma:anglès
Publicat: 2001
Col·lecció:Nord-IS, 1102-4925 ; [20]0
Matèries:
Format: MixedMaterials Capítol de llibre
KOHA link:https://koha.lib.tpu.ru/cgi-bin/koha/opac-detail.pl?biblionumber=595570

MARC

LEADER 00000naa0a2200000 4500
001 595570
005 20250307111343.0
035 |a (RuTPU)RU\TPU\tpu\16885 
090 |a 595570 
100 |a 20091205d2001 k||y0rusy50 ba 
101 0 |a eng 
200 1 |a The discharge development in three-layer solid dielectrics  |f S. M. Lebedev [et al.] 
225 1 |a Nord-IS, 1102-4925 ; [20]0 
333 |a В фонде НТБ ТПУ отсутствует 
463 |t 17th Nordic Insulation Symosium (NORD-IS 01)   |o Proceedings of the 17th Nordic Insulation Symposium (June 11-13, 2001, Stockholm, Sweden)  |v P. 61-68  |d 2001 
610 1 |a труды учёных ТПУ 
701 1 |a Lebedev  |b S. M. 
701 1 |a Gefle  |b O. S. 
701 1 |a Pokholkov  |b Y. P.  |c Russian physicist, electrical engineer, doctor of engineering  |c Rector of the TPU (1990 - 2008), professor  |f 1939-  |g Yuri Petrovich  |3 (RuTPU)RU\TPU\pers\24842 
701 1 |a Chichikin  |b V. I. 
801 1 |a RU  |b 63413507  |c 20091205 
801 2 |a RU  |b 63413507  |c 20091205  |g RCR 
942 |c BK